[Event "40th TCh-GRE 2012"]
[Site "Achaea GRE"]
[Date "2012.06.30"]
[Round "1.8"]
[White "Tsolaki,E"]
[Black "Avramidou,Anastasia"]
[Result "0-1"]
[WhiteElo "1735"]
[BlackElo "1780"]

1.e4 c5 2.Nf3 Nc6 3.d4 cxd4 4.Nxd4 e6 5.Nc3 Bc5 6.Nb3 Bb4 7.Bd3 Nf6 8.Bg5 O-O
9.O-O d6 10.f4 Bxc3 11.bxc3 e5 12.fxe5 Qb6+ 13.Kh1 Ng4 14.Qe1 Ngxe5 15.Be3 Qc7
16.Nd4 a6 17.Qg3 Kh8 18.Nf5 Bxf5 19.exf5 f6 20.Rf4 Ne7 21.c4 b5 22.Rh4 Nxd3
23.Qh3 h6 24.cxd3 Ng8 25.Rc1 Rac8 26.Bf4 Qe7 27.Qg3 Rfd8 28.Re1 Qf7 29.Qg6 Qxg6
30.fxg6 bxc4 31.dxc4 Rxc4 32.Bg3 d5 33.Rxc4 dxc4 34.Kg1 c3 35.Rc1 Rc8 36.Bd6 c2
37.Kf2 Rd8 38.Bb4 Rd4 39.Bc5 Rg4 40.Rxc2 Rxg6 41.Bb4 Kh7 42.Rc6 f5 43.Rxg6 Kxg6
44.Ke3 Nf6 45.Kd4 Kh5 46.Ke5 Kg6 47.Kd4 h5 48.Kc5 Ng4 49.Kb6 Nxh2 50.Kxa6 Ng4
51.a4 Ne3 52.Kb5 Nxg2 53.a5 h4 54.a6 h3 55.Bd6 f4 56.Bxf4 Nxf4 57.a7 Nd5
58.Kc6 h2 59.a8=Q h1=Q 60.Qe8+ Kh7 61.Kd6 Nf6 62.Qe3 Qd1+ 63.Kc6 Qd5+ 64.Kb6 Qf5
65.Qg1 Nd5+ 66.Ka6 Qg6+  0-1

[Event "40th TCh-GRE 2012"]
[Site "Achaea GRE"]
[Date "2012.06.30"]
[Round "1.10"]
[White "Markantonaki,H"]
[Black "Hoolt,S"]
[Result "0-1"]
[WhiteElo "2159"]
[BlackElo "2289"]

1.e4 c5 2.Nf3 e6 3.d4 cxd4 4.Nxd4 Nc6 5.Nc3 Qc7 6.Be3 a6 7.Qd2 Nf6 8.O-O-O Bb4
9.f3 Ne5 10.Nb3 b5 11.Qe1 Be7 12.Kb1 Bb7 13.f4 Nc4 14.e5 Nd5 15.Nxd5 Bxd5
16.Qg3 Nxe3 17.Qxe3 Rc8 18.Bd3 O-O 19.Qh3 g6 20.Rhe1 d6 21.Qh6 Rfd8 22.Re3 Bf8
23.Qg5 dxe5 24.fxe5 Bc4 25.Rc1 Bg7 26.Be4 a5 27.Rce1 a4 28.Nc1 b4 29.a3 Bd5
30.Qf4 Bxe5 31.Qh4 Bf4 32.Bd3 bxa3 33.Rh3 h6 34.Ne2 Bg5 35.Qxa4 Ra8 36.Ba6 axb2
37.Ra3 Be7 38.Rc3 Qa7  0-1

[Event "Perla Baltyku Open 2012"]
[Site "Lazy POL"]
[Date "2012.06.30"]
[Round "1.3"]
[White "Dogodkina,J"]
[Black "Mista,A"]
[Result "0-1"]
[WhiteElo "2110"]
[BlackElo "2538"]

1.e4 c5 2.Nf3 e6 3.d4 cxd4 4.Nxd4 Nc6 5.Nc3 d6 6.Be3 a6 7.Qd2 Bd7 8.Be2 Nf6
9.f3 b5 10.O-O Be7 11.a4 b4 12.Na2 Nxd4 13.Bxd4 a5 14.c3 bxc3 15.Nxc3 O-O
16.Qe3 e5 17.Bb6 Qb8 18.Rfd1 Rc8 19.Bb5 Bc6 20.Qf2 Qb7 21.Be3 h6 22.Qd2 Ne8
23.b3 Bd8 24.Bc4 Bb6 25.Nd5 Bxd5 26.Bxd5 Qa7 27.Bxb6 Qxb6+ 28.Qf2 Qxf2+ 29.Kxf2 Rc2+
30.Kf1 Rac8 31.Bc4 Rc5 32.Rac1 Rxc1 33.Rxc1 Kf8 34.Rd1 Ke7 35.Rd5 Rxd5 36.Bxd5 Nc7
37.Bc4 d5 38.exd5 Kd6 39.Ke2 Nxd5 40.g3 f5 41.Bd3 Ne7 42.Kd2 Kc5 43.Bc4 Kd4
44.Be6 e4 45.fxe4 fxe4 46.Ke2 Nd5 47.Bf7 Nc3+ 48.Kd2 e3+ 49.Ke1 Ke4 50.Be8 e2
51.Bc6+ Ke3 52.Bb7 Na2  0-1

[Event "7th Vladimir Dvorkovich Cup"]
[Site "Moscow RUS"]
[Date "2012.06.30"]
[Round "2.11"]
[White "Dastan,B"]
[Black "Sanzhaev,D"]
[Result "1-0"]
[WhiteElo "2272"]
[BlackElo "2292"]

1.e4 c5 2.Nf3 e6 3.d4 cxd4 4.Nxd4 Nc6 5.Nc3 Qc7 6.Be3 a6 7.Be2 Nf6 8.O-O Be7
9.f4 d6 10.g4 Nxd4 11.Qxd4 e5 12.Qd1 exf4 13.Rxf4 Be6 14.Nd5 Bxd5 15.exd5 Nd7
16.a4 O-O 17.Rc4 Qd8 18.Qd2 Bf6 19.Ra3 Bxb2 20.Rb3 Be5 21.Rxb7 Nc5 22.Rb1 Qh4
23.Bf1 Rfe8 24.Bg5 Bxh2+ 25.Kh1 Bf4+ 26.Bxh4 Bxd2 27.Bg2 Rab8 28.Rxb8 Rxb8
29.Be7 Rb6 30.Bf3 g5 31.Bxd6 Rxd6 32.Rxc5 Rh6+ 33.Kg2 Bf4 34.c4 Rh2+ 35.Kf1 Rc2
36.Be4 Rc1+ 37.Ke2 Rc3 38.Bf5 Re3+ 39.Kd1 Re7 40.Rc6 Rc7 41.Rxc7 Bxc7 42.c5 Kg7
43.d6 Bb8 44.Kc2 Kf6 45.Bxh7 Ke5 46.Kc3 Kd5 47.Kb4 Ba7 48.Be4+ Kd4 49.c6 Bc5+
50.Ka5 Bxd6 51.Bf3 Kc5 52.Kxa6 Bc7 53.a5 Kd6 54.Bg2 Bd8 55.Kb5 Kc7 56.a6 Kb8
57.Bd5 f6 58.Bc4 Bc7 59.Kc5 Bf4 60.Kd5 Be3 61.Kd6 Bf4+ 62.Kd7  1-0

[Event "7th Vladimir Dvorkovich Cup"]
[Site "Moscow RUS"]
[Date "2012.06.30"]
[Round "2.13"]
[White "Duda,J"]
[Black "Bortnik,A"]
[Result "1/2-1/2"]
[WhiteElo "2421"]
[BlackElo "2367"]

1.e4 c5 2.Nf3 e6 3.d4 cxd4 4.Nxd4 Nc6 5.Nc3 Qc7 6.Be2 a6 7.O-O Nf6 8.Be3 Bb4
9.Na4 O-O 10.Nxc6 bxc6 11.Nb6 Rb8 12.Nxc8 Rfxc8 13.Bxa6 Rd8 14.Bd3 Bd6 15.f4 e5
16.f5 Rxb2 17.g4 Qa5 18.Kh1 Bc5 19.Bxc5 Qxc5 20.g5 Ne8 21.Qh5 d5 22.Rae1 dxe4
23.Rxe4 Rd4 24.Rxd4 Qxd4 25.Qf3 Qc5 26.Re1 Nd6 27.a3 Rb8 28.Be4 Ra8 29.Bxc6 Ra6
30.Bd5 Rxa3 31.Bb3 e4 32.Qf4 Qc3 33.Rd1 Ra1 34.Rxa1 Qxa1+ 35.Kg2 Qd1 36.g6 Qe2+
37.Kg1 Qe1+ 38.Kg2 Qe2+ 39.Kg3 Qe1+ 40.Kh3 Qc3+ 41.Kg2 Qc5 42.gxf7+ Kf8 43.f6 g5
44.Qd2 e3 45.Qd3 Qc6+ 46.Bd5 Qc5 47.c4 Qb6 48.Qa3 Qd8 49.Qxe3 Qxf6 50.c5 Nxf7
51.c6 Nd6 52.c7 Qb2+ 53.Qf2+ Qxf2+ 54.Kxf2 Ke7 55.Kg3 Kd7 56.Kg4 Kxc7 57.Kxg5 Kd7
58.Kf6 Ke8 59.Kg7 h5 60.Bf3 h4  1/2-1/2

[Event "ch-Pan Americano U20 2012"]
[Site "Sao Paulo BRA"]
[Date "2012.06.30"]
[Round "3.5"]
[White "Principe,A"]
[Black "Barbosa,Ev"]
[Result "1/2-1/2"]
[WhiteElo "2154"]
[BlackElo "2435"]

1.e4 c5 2.Nf3 e6 3.d4 cxd4 4.Nxd4 Nc6 5.Nc3 Qc7 6.Be3 a6 7.Qd2 Nf6 8.O-O-O Bb4
9.f3 O-O 10.g4 b5 11.g5 Nh5 12.Be2 Ne5 13.a3 Be7 14.f4 Nc4 15.Bxc4 Qxc4 16.Qe2 Qxe2
17.Ndxe2 f6 18.gxf6 Nxf6 19.Rhg1 Bb7 20.Bd4 Rf7 21.Ng3 Bc6 22.f5 a5 23.e5 Nd5
24.Nxd5 Bxd5 25.f6 Bf8 26.Rdf1 Kh8 27.Nh5 g6 28.Nf4 Be4 29.h4 Rc8 30.c3 Bh6
31.Be3 b4 32.axb4 axb4 33.Kd2 Bf8 34.Nh3 h6 35.Nf4 Kh7 36.Nd3 bxc3+ 37.bxc3 d6
38.Bd4 Rd7 39.Re1 Bf5 40.Rg2 dxe5 41.Rxe5 Bd6 42.Ra5 Bxd3 43.Kxd3 e5 44.Ra7 Bc7
45.Re2 exd4 46.Re7+ Rxe7 47.fxe7 dxc3 48.Rxc7 Re8 49.Kxc3 Kg7 50.Kd4 Kf7
51.Kd5 Rxe7 52.Rc6 h5 53.Rc4 Re1 54.Rf4+ Kg7 55.Kd4 Kh6 56.Re4 Rg1 57.Ke3 Kg7
58.Kf2 Ra1 59.Rf4 Ra5 60.Kg3  1/2-1/2

[Event "XXI Adolf Anderssen Mem Prelim"]
[Site "Wroclaw POL"]
[Date "2012.06.30"]
[Round "2"]
[White "Cukrowski,F"]
[Black "Stachowiak,K"]
[Result "0-1"]
[WhiteElo "2138"]
[BlackElo "2427"]

1.e4 c5 2.Nf3 e6 3.d4 cxd4 4.Nxd4 Nc6 5.Nc3 Qc7 6.Be3 a6 7.Nxc6 bxc6 8.Bd3 d5
9.O-O Nf6 10.f4 Be7 11.e5 Nd7 12.Ne2 Nc5 13.f5 Nxd3 14.Qxd3 exf5 15.Nd4 g6
16.b4 Be6 17.a3 O-O 18.Nb3 Qxe5 19.Bd4 Qe4 20.Qc3 Rac8 21.Rae1 Qh4 22.Rf3 Rfe8
23.Rh3 Qg4 24.Nc5 Bf8 25.Nd3 f4 26.Rf3 g5 27.h4 Qxh4 28.Bf6 Bg4 29.Rxe8 Rxe8
30.Rxf4 Qg3 31.Rf2 Bd6 32.Kf1 Qh2  0-1

[Event "XXI Adolf Anderssen Mem Prelim"]
[Site "Wroclaw POL"]
[Date "2012.06.30"]
[Round "4"]
[White "Toma,K"]
[Black "Stachowiak,K"]
[Result "0-1"]
[WhiteElo "2305"]
[BlackElo "2427"]

1.e4 c5 2.Nf3 e6 3.d4 cxd4 4.Nxd4 Nc6 5.Nc3 Qc7 6.Be2 a6 7.a4 Nf6 8.O-O Be7
9.Be3 O-O 10.Kh1 d6 11.f4 e5 12.Nf5 Bxf5 13.exf5 Rfe8 14.Bc4 Nb4 15.Qd2 Qxc4  0-1

[Event "XXI Adolf Anderssen Mem Prelim"]
[Site "Wroclaw POL"]
[Date "2012.06.30"]
[Round "9"]
[White "Khamidov,K"]
[Black "Hnydiuk,A"]
[Result "0-1"]
[WhiteElo "2090"]
[BlackElo "2427"]

1.e4 c5 2.Nf3 e6 3.d4 cxd4 4.Nxd4 Nc6 5.Nc3 Nf6 6.Nxc6 bxc6 7.Bd3 d5 8.O-O a6
9.Re1 Be7 10.b3 Bb7 11.Na4 dxe4 12.Be2 Qxd1 13.Bxd1 c5 14.Ba3 Rc8 15.Nb6 Rd8
16.Na4 Nd7 17.Be2 Bd6 18.Rad1 Ke7 19.h3 Bc6 20.Nb2 Bb5 21.Nc4 Bxc4 22.Bxc4 f5
23.Bb2 Rhg8 24.a4 a5 25.Bc3 Bc7 26.f3 Bg3 27.Re2 Nb6 28.Red2 Rxd2 29.Bxd2 Nxc4
30.bxc4 exf3 31.gxf3 Rb8 32.Bxa5 Ra8 33.Bb6 Rxa4 34.Bxc5+ Ke8 35.Bd4 Rxc4
36.c3 Kf7 37.Ra1 e5 38.Ra7+ Kg6 39.Ra6+ Kh5 40.Bf2 Bxf2+ 41.Kxf2 Rxc3 42.Ra5 Kg5
43.Rxe5 Kf4 44.Re7 Rxf3+ 45.Kg2 Rg3+ 46.Kh2 Rg6 47.Ra7 Kg5 48.Kg3 Kh5+ 49.Kf4 Rg5
50.Ra1 h6 51.h4 Rg2 52.Kxf5 Rf2+ 53.Ke4 Rf7 54.Rh1 Kg4 55.h5 Re7+ 56.Kd3 Kg5
57.Kd4 Kf4 58.Rf1+ Kg4 59.Rh1 Kf5 60.Rf1+ Kg5 61.Rh1 Kg4 62.Kd3 Kf3 63.Kd4 Kg2
64.Rh4 Kg3 65.Rh1 Kf3 66.Kd5 Re2 67.Rh3+ Kg4 68.Rh1 Kg3 69.Kd4 Rh2 70.Rg1+ Rg2
71.Rh1 Kf4 72.Rf1+ Kg5 73.Rh1 Rg4+ 74.Ke5 Ra4 75.Rh2 Ra5+ 76.Ke6 Kf4 77.Kf7 Rg5
78.Rf2+ Kg3 79.Rf1 Kg4 80.Rh1 Kf5 81.Rf1+ Ke5 82.Rh1 Kf4 83.Rf1+ Kg3 84.Rg1+ Kh4
85.Rh1+ Kg4 86.Rg1+ Kxh5  0-1

[Event "40th TCh-GRE 2012"]
[Site "Achaea GRE"]
[Date "2012.07.01"]
[Round "2.15"]
[White "Dochev,D"]
[Black "Georgakopoulos,N"]
[Result "1-0"]
[WhiteElo "2404"]
[BlackElo "2337"]

1.e4 c5 2.Nf3 e6 3.d4 cxd4 4.Nxd4 Nc6 5.Nc3 Qc7 6.g3 a6 7.Bg2 d6 8.O-O Bd7
9.a4 Nf6 10.Nb3 Rc8 11.f4 Na5 12.Nxa5 Qxa5 13.Kh1 Bc6 14.g4 h6 15.Bd2 Qc7
16.Qe2 Be7 17.Rae1 e5 18.g5 hxg5 19.fxg5 Nh7 20.Qg4 Nf8 21.Qf3 Bd8 22.Bh3 Rb8
23.Nd5 Bxd5 24.exd5 g6 25.c3 Nh7 26.Qg4 O-O 27.Re4 Qa5 28.Bg2 Qxd5 29.Re2 Qe6
30.Qg3 Qc4 31.Re4 Qc7 32.c4 Qe7 33.h4 Kg7 34.Bc3 Rc8 35.Rg4 Rh8 36.Bd5 Rf8
37.a5 Rc7 38.Rg1 Rc5 39.b4 Rc8 40.Qh3 Qd7 41.Kh2 Bxg5 42.Bd2 Qxg4 43.Qxg4 Bxd2
44.Bxf7 g5 45.Bd5 Nf6 46.Qe6 Rce8 47.Qxd6 Bf4+ 48.Kh3 Rh8 49.Qc7+ Kg6 50.Bf7+ Kf5
51.Bxe8 Rxe8 52.Rxg5+ Bxg5 53.hxg5 Rh8+ 54.Kg2 Rg8 55.Qxb7 Rxg5+ 56.Kf1 Kf4
57.Qxa6 Ne4 58.Qh6 Kf3 59.a6 Nd2+ 60.Ke1 Rg2  1-0

[Event "40th TCh-GRE 2012"]
[Site "Achaea GRE"]
[Date "2012.07.01"]
[Round "3.9"]
[White "Roinos,Ilias"]
[Black "Poulidis,S"]
[Result "1/2-1/2"]
[WhiteElo "1747"]
[BlackElo "1935"]

1.e4 c5 2.Nf3 e6 3.d4 cxd4 4.Nxd4 Nc6 5.Nc3 Qc7 6.g3 a6 7.Bg2 d6 8.O-O Bd7
9.Re1 Be7 10.a4 Nf6 11.Be3 Ne5 12.Kh1 Nc4 13.Bc1 O-O 14.b3 Ne5 15.Bb2 Rac8
16.Qe2 Nc6 17.Nxc6 Bxc6 18.Rad1 Rfd8 19.Nd5 exd5 20.exd5 Bd7 21.Qxe7 Re8
22.Bxf6 Rxe7 23.Bxe7 Re8 24.Re3 Qxc2 25.Rf1 Qc5 26.Kg1 f6 27.Rfe1 Qb6 28.Bf3 Rc8
29.Bh5 Qc5 30.Rd1 Qb4 31.Rde1 g6 32.Bf3 Kf7 33.Bd1 Rc1 34.Kg2 Bg4 35.Bxd6 Qxd6
36.Bxg4 Rxe1 37.Be6+ Kg7 38.Rxe1 f5 39.Re3 f4 40.Rf3 g5 41.Rd3 Qe5 42.Kf3 h5
43.h3 Qe1 44.Bf5 Kf6 45.g4 hxg4+ 46.hxg4 Ke7 47.d6+ Kd8 48.d7 Qh1+ 49.Ke2 Qh8
50.Rf3 a5 51.Rd3 Qe5+ 52.Kf1 Qh8 53.Kg2 Qb2 54.Rh3 Qf6 55.Rh7 Qc6+ 56.Kh2 Qf6
57.Rh5 Qd4  1/2-1/2

[Event "40th TCh-GRE 2012"]
[Site "Achaea GRE"]
[Date "2012.07.01"]
[Round "3.2"]
[White "Zawadzka,J"]
[Black "Papadopoulou,V"]
[Result "0-1"]
[WhiteElo "2361"]
[BlackElo "2189"]

1.e4 c5 2.Nf3 e6 3.d4 cxd4 4.Nxd4 Nc6 5.Nc3 a6 6.Nxc6 bxc6 7.Bd3 d5 8.O-O Nf6
9.Qe2 Be7 10.b3 O-O 11.Bb2 Bb7 12.Rae1 Qc7 13.f4 Rfe8 14.Kh1 c5 15.e5 Nd7
16.f5 exf5 17.Rxf5 Bf6 18.Na4 d4 19.c3 Rxe5 20.Rxe5 Bxe5 21.Bf5 dxc3 22.Nxc3 Bf6
23.Qd3 Nf8 24.Be4 Bxe4 25.Qxe4 Qa7 26.Qc4 Rd8 27.Ba3 Ne6 28.Ne4 Bd4 29.Rd1 Qb6
30.Rc1 Be3 31.Rf1 Qb5 32.h3 Qxc4 33.bxc4 Rd3 34.Bb2 h6 35.Be5 f6 36.Bc7 Nxc7  0-1

[Event "ch-BEL Experts 2012"]
[Site "Lommel BEL"]
[Date "2012.07.01"]
[Round "2.1"]
[White "Popovic,Pe"]
[Black "Michiels,B"]
[Result "1/2-1/2"]
[WhiteElo "2481"]
[BlackElo "2515"]

1.e4 c5 2.Nf3 Nc6 3.d4 cxd4 4.Nxd4 e6 5.Nc3 Qc7 6.g3 a6 7.Bg2 Nf6 8.O-O d6
9.Re1 Nd7 10.Nce2 Be7 11.b3 O-O 12.c4 Nc5 13.Be3 Ne5 14.h3 Bd7 15.a4 Bf6
16.Qc2 Rfc8 17.Red1 Be8 18.Rab1 Rab8 19.Kh2 b6 20.Rbc1 Qe7 21.Nc3 Nc6 22.Nde2 Nb4
23.Qb1 Bc6 24.Rd2 Rd8 25.Rcd1 Rd7 26.Nd4 Ba8 27.Na2 Nxa2 28.Rxa2 Rdd8 29.Rad2 Qb7
30.f3 Qc7 31.Rc2 Rbc8 32.Bf2 Qb8 33.Qa2 h5 34.Kg1 d5 35.cxd5 exd5 36.e5 Bxe5
37.b4 Bxd4 38.Rxd4 Ne6 39.Rdd2 h4 40.f4 hxg3 41.Bxg3 d4 42.Kh2 Rc3 43.Rxd4 Nxd4
44.Rxc3 Nf5 45.Bxa8 Qxa8 46.Qg2 Qb8 47.Qc2 g6 48.Rd3 b5 49.axb5 axb5 50.Rxd8+ Qxd8
51.Bf2 Qd5 52.Qe2 Nd6 53.Bc5 Qe4 54.Qd2 Nf5 55.Bf2 Qf3 56.Qd8+ Kh7 57.Qd2 Ng7
58.Qe3 Qxe3 59.Bxe3 Nf5 60.Bc5 Kg7 61.Kg2 Kf6 62.Kf3 Ke6 63.Ke4 Ng3+ 64.Kf3 Nh5
65.Ke4 f5+ 66.Ke3 Kd5 67.Be7 Ng3 68.Kd3 Ne4 69.Bf8 Nf2+ 70.Ke3 Ne4 71.Kd3 Nf6
72.Be7 Nh5 73.Bg5 Ng3 74.Be7 Ne4 75.h4 Nf2+ 76.Ke3 Ng4+ 77.Kd3 Nh2 78.Bd8 Nf3
79.Ke3 Nd4 80.Kd3 Ne6 81.Bg5 Nd4 82.Bf6 Ne6 83.Bg5 Nc7 84.Bf6 Ne8 85.Bg5 Nd6
86.Be7 Nf7 87.Bf6 Nh6 88.Bg5 Ng4 89.Be7 Nf2+ 90.Ke3 Ne4 91.Kd3 Ke6 92.Bg5 Kd5
93.Ke3 Nd6 94.Kd3 Ne4 95.Be7 Ke6 96.Bg5 Kd5 97.Be7 Nf2+ 98.Ke3 Ng4+ 99.Kd3  1/2-1/2

[Event "20th Montcada Open"]
[Site "Montcada i Reixac ESP"]
[Date "2012.07.01"]
[Round "7.10"]
[White "Escobar Forero,A"]
[Black "Cruz,Cr"]
[Result "1-0"]
[WhiteElo "2448"]
[BlackElo "2507"]

1.e4 c5 2.Nf3 e6 3.d4 cxd4 4.Nxd4 Nc6 5.Nc3 Qc7 6.f4 a6 7.Nxc6 Qxc6 8.Bd3 b5
9.Qe2 Bb7 10.Bd2 Ne7 11.a3 Ng6 12.O-O-O b4 13.axb4 Bxb4 14.Rhf1 Rc8 15.Qg4 O-O
16.Rf3 f5 17.Qh5 Bxc3 18.Bxc3 Qa4 19.b3 Qc6 20.Bc4 Qc7 21.Rh3 Qxf4+ 22.Kb2 Qh6
23.Rxd7  1-0

[Event "7th Vladimir Dvorkovich Cup"]
[Site "Moscow RUS"]
[Date "2012.07.01"]
[Round "3.10"]
[White "Sanal,V"]
[Black "Yuan,Qingyu"]
[Result "0-1"]
[WhiteElo "2277"]
[BlackElo "2218"]

1.e4 c5 2.Nf3 e6 3.Nc3 Nc6 4.d4 cxd4 5.Nxd4 Qc7 6.g3 a6 7.Bg2 d6 8.O-O Bd7
9.Nce2 Nf6 10.c4 Nxd4 11.Qxd4 e5 12.Qd3 Rc8 13.b3 b5 14.Ba3 bxc4 15.bxc4 Qxc4
16.Qe3 Be7 17.Rfd1 Rc6 18.f3 O-O 19.Bf1 Rfc8 20.Kh1 h6 21.Rd2 Qa4 22.Rad1 Ne8
23.Bb2 Be6 24.f4 Qa5 25.h4 Nf6 26.Bg2 Qxa2 27.f5 Qb3 28.Qa7 R8c7 29.Qg1 Bc8
30.Ba1 Rc2 31.Rd3 Qc4 32.Qe3 Bb7 33.Rc3 Ng4 34.Qf3 Qxe4 35.Qxe4 Bxe4 36.Bxe4 R2xc3
37.Nxc3 Nf2+ 38.Kg2 Nxd1 39.Nd5 Rc1  0-1

[Event "ch-Pan Americano U20 2012"]
[Site "Sao Paulo BRA"]
[Date "2012.07.01"]
[Round "5.4"]
[White "Proudian,Armen"]
[Black "Barbosa,Ev"]
[Result "0-1"]
[WhiteElo "2204"]
[BlackElo "2435"]

1.e4 c5 2.Nf3 e6 3.d4 cxd4 4.Nxd4 Nc6 5.Nc3 Qc7 6.Be3 a6 7.Qd2 Nf6 8.O-O-O Nxd4
9.Bxd4 e5 10.Be3 Bb4 11.f3 d6 12.a3 Bxc3 13.Qxc3 Qxc3 14.bxc3 Ke7 15.c4 Be6
16.c5 d5 17.exd5 Nxd5 18.Bf2 Rac8 19.Bd3 f6 20.Kb2 Kf7 21.Bc4 Ne7 22.Bxe6+ Kxe6
23.Rd6+ Kf7 24.Rd7 Rhd8 25.Rhd1 Ke8 26.R7d6 Nc6 27.Kb3 Ke7 28.Kc4 Rc7 29.R6d3 Rcd7
30.Kc3 Ke6 31.g4 Ne7 32.Kc4 Nd5 33.Rb1 Ne7 34.Rb6+ Nc6 35.Kc3 Ke7 36.Rb1 Rc7
37.Rbd1 Rdc8 38.Rb1 Nb8 39.Kd2 Nc6 40.Kc3 Nd8 41.Rb6 Rc6 42.Rb1 R8c7 43.Kd2 Ne6
44.Rdb3 Rd7+ 45.Rd3 Rcc7 46.Rb6 Nf4 47.Rdd6 Nd5 48.Rxd7+ Rxd7 49.Rb3 Kd8
50.c6 bxc6 51.Rb8+ Kc7 52.Rh8 h6 53.Kc1 Kb7 54.Rg8 Nc3 55.Be3 c5 56.Bd2 Ne2+
57.Kd1 Nd4 58.Be3 Nxf3+ 59.Kc1 Nxh2 60.Bxc5 Nxg4 61.Bf8 g5 62.Rg6 h5 63.Bg7 Rf7  0-1

[Event "XXI Adolf Anderssen Mem KO"]
[Site "Wroclaw POL"]
[Date "2012.07.01"]
[Round "2.2"]
[White "Ulanowski,K"]
[Black "Sadzikowski,D"]
[Result "1-0"]
[WhiteElo "1987"]
[BlackElo "2433"]

1.e4 c5 2.Nf3 e6 3.d4 cxd4 4.Nxd4 Nc6 5.Nc3 Qc7 6.Be2 a6 7.O-O Nf6 8.Be3 Bb4
9.Nxc6 bxc6 10.Bd3 e5 11.f4 Bd6 12.f5 h5 13.h3 Qa5 14.Kh1 Bc5 15.Bd2 Qc7
16.Qf3 Bb7 17.Na4 Ba7 18.c4 Bd4 19.Rac1 c5 20.Nc3 d6 21.Nd5 Bxd5 22.cxd5 a5
23.Qg3 Ke7 24.b3 Qb6 25.Rb1 Rab8 26.a3 Qa7 27.b4 axb4 28.axb4 cxb4 29.Bxb4 Bc5
30.Ra1 Rxb4 31.Rxa7+ Bxa7 32.Rc1 Rd8 33.Rc7+ Rd7 34.Rxd7+ Kxd7 35.Qxg7 Ke7
36.g4 hxg4 37.hxg4 Ne8 38.Qg5+ Nf6 39.Qh4 Rd4 40.g5 Ne8 41.g6+ Kf8 42.Qh8+ Ke7
43.g7 Nxg7 44.Qxg7 Rxd3 45.f6+ Kd8 46.Qf8+ Kc7 47.Qxf7+ Kb6 48.Qd7 Rd1+ 49.Kg2  1-0

[Event "XXI Adolf Anderssen Mem KO"]
[Site "Wroclaw POL"]
[Date "2012.07.01"]
[Round "2.2"]
[White "Khamidov,K"]
[Black "Wieczorek,O"]
[Result "1/2-1/2"]
[WhiteElo "2090"]
[BlackElo "2284"]

1.e4 c5 2.Nf3 e6 3.d4 cxd4 4.Nxd4 Nc6 5.Nc3 Qc7 6.Be3 a6 7.Qd2 Nf6 8.f3 h5
9.O-O-O Be7 10.f4 b5 11.Bd3 Bb7 12.e5 b4 13.Ne4 Nxe4 14.Bxe4 Nxd4 15.Qxd4 Rc8
16.Rd2 Bxe4 17.Qxe4 Qc4 18.Qb7 O-O 19.Kb1 Bc5 20.Bxc5 Rxc5 21.Qf3 f6 22.Qxh5 fxe5
23.fxe5 Rf1+ 24.Rxf1 Qxf1+ 25.Qd1 Qxd1+ 26.Rxd1 Rxe5 27.b3 d5 28.Rd2 Kf7
29.Kb2 Ke7 30.a3 a5 31.axb4 axb4 32.Rd4 Re2 33.Rxb4 Rxg2 34.h3 e5 35.Rg4 Rh2
36.Rxg7+ Kd6 37.Rh7 Kc5 38.Kc3 d4+ 39.Kd3 Kd5 40.Rh5 Rg2 41.h4 Rg3+ 42.Kd2 Rh3
43.Rh8 e4 44.Rd8+ Kc5 45.b4+ Kc4 46.b5 Rh2+ 47.Kd1 Kxb5 48.Rxd4 Rxh4 49.c3 Kc5
50.Kd2 Rh2+  1/2-1/2

[Event "40th TCh-GRE 2012"]
[Site "Achaea GRE"]
[Date "2012.07.02"]
[Round "4.9"]
[White "Berelowitsch,A"]
[Black "Cramling,P"]
[Result "1/2-1/2"]
[WhiteElo "2584"]
[BlackElo "2478"]

1.e4 c5 2.Nf3 e6 3.d4 cxd4 4.Nxd4 Nc6 5.Nc3 Qc7 6.g3 a6 7.Bg2 Nf6 8.O-O d6
9.Re1 Nxd4 10.Qxd4 e5 11.Qd3 h6 12.Nd1 Be6 13.Ne3 Rc8 14.h3 Be7 15.Bd2 O-O
16.b3 b5 17.a4 Rb8 18.axb5 axb5 19.Bb4 Nd7 20.Red1 Nc5 21.Qe2 Rfc8 22.h4 Qc6
23.Ra7 Rc7 24.Rda1 Rxa7 25.Rxa7 Bd8 26.Nf5 Qb6 27.Ra1 Bf6 28.Ne3 Be7 29.Bd2 b4  1/2-1/2

[Event "ch-Pan Americano U20 2012"]
[Site "Sao Paulo BRA"]
[Date "2012.07.02"]
[Round "7.5"]
[White "Espinoza Palomino,W"]
[Black "Mendonca,M"]
[Result "1-0"]
[WhiteElo "2296"]
[BlackElo "2220"]

1.e4 c5 2.Nf3 e6 3.d4 cxd4 4.Nxd4 Nc6 5.Nc3 d6 6.Be2 Nf6 7.O-O Be7 8.Be3 O-O
9.f4 Bd7 10.Kh1 Nxd4 11.Bxd4 Bc6 12.Bd3 a6 13.e5 dxe5 14.fxe5 Ne8 15.Qg4 Kh8
16.Rad1 Qa5 17.Ne4 g6 18.Nd6 Bxd6 19.exd6+ Kg8 20.Bc3 Qb6 21.Qh3 f5 22.Bc4 Bd7
23.Rfe1 Nxd6 24.Rxe6 Bxe6 25.Bxe6+ Rf7 26.Qh6 Ne8 27.Bxf7+ Kxf7 28.Qxh7+ Kf8
29.Rd7  1-0

[Event "Stockholm Master Open 2012"]
[Site "Stockholm SWE"]
[Date "2012.07.02"]
[Round "7.1"]
[White "Blomqvist,E"]
[Black "Akesson,R"]
[Result "1-0"]
[WhiteElo "2454"]
[BlackElo "2433"]

1.e4 c5 2.Nf3 Nc6 3.d4 cxd4 4.Nxd4 e6 5.Nc3 Qc7 6.Be3 a6 7.Qd2 Nf6 8.O-O-O Be7
9.f3 h5 10.Qf2 b5 11.Nxc6 dxc6 12.Bb6 Qf4+ 13.Kb1 Nd7 14.Bd4 e5 15.Be3 Qf6
16.h4 Bb4 17.g3 Qe7 18.Bh3 O-O 19.Bxd7 Bxd7 20.a3 Bxc3 21.Bc5 Bd4 22.Bxe7 Bxf2
23.Bxf8 Be6 24.Rd2 Be3 25.Re2 Bb6 26.Bb4 a5 27.Bd2 Bc4 28.Rg2 Be6 29.Re1 Bd8
30.Bg5 f6 31.Be3 Be7 32.f4 Bg4 33.Rd2 Kf7 34.Rd3 Ke8 35.Rc3 Rc8 36.Kc1 Be6
37.Rg1 Bg4 38.Bb6 b4 39.Rd3 Ra8 40.fxe5 fxe5 41.Bc7 Bc5 42.Rg2 Bd4 43.c3 bxc3
44.bxc3 Bc5 45.a4 Kf7 46.Bd6 Ba7 47.Rb2 Kf6 48.Rb7 Bf2 49.Be7+ Kg6 50.Rd6+ Kh7
51.Bf6 Be3+ 52.Kc2 Bh6 53.Rxc6 Rf8 54.Bxe5 Rf2+ 55.Kd3 Rd2+ 56.Kc4  1-0

[Event "40th TCh-GRE 2012"]
[Site "Achaea GRE"]
[Date "2012.07.03"]
[Round "5.4"]
[White "Kapnisis,S"]
[Black "Argiroudis,S"]
[Result "0-1"]
[WhiteElo "2480"]
[BlackElo "2294"]

1.e4 c5 2.Nf3 e6 3.d4 cxd4 4.Nxd4 Nc6 5.Nc3 a6 6.Nxc6 bxc6 7.Bd3 d5 8.O-O Nf6
9.Qe2 Be7 10.Na4 Qa5 11.b3 Bb7 12.Bb2 O-O 13.e5 Nd7 14.f4 g6 15.f5 exf5 16.Rxf5 Nc5
17.e6 f6 18.Rf4 Nxd3 19.Qxd3 c5 20.Qf3 Qc7 21.Qf2 f5 22.Re1 d4 23.Ba3 Be4
24.Qd2 Bd6 25.Rh4 Rae8 26.Qe2 Qe7 27.Rh3 Rc8 28.Qxa6 Qxe6 29.Bxc5 Bxh2+  0-1

[Event "40th TCh-GRE 2012"]
[Site "Achaea GRE"]
[Date "2012.07.03"]
[Round "5.1"]
[White "Gavrilakis,N"]
[Black "Halkias,S"]
[Result "0-1"]
[WhiteElo "2406"]
[BlackElo "2570"]

1.e4 c5 2.Nf3 e6 3.d4 cxd4 4.Nxd4 Nc6 5.Nc3 Qc7 6.Be3 Nf6 7.Ndb5 Qb8 8.a3 Be7
9.Be2 O-O 10.O-O d6 11.f4 a6 12.Nd4 Qc7 13.Qe1 Nxd4 14.Bxd4 e5 15.fxe5 dxe5
16.Qg3 Re8 17.Kh1 Bd8 18.Be3 Kh8 19.Bg5 Be6 20.Rad1 Be7 21.Bxf6 Bxf6 22.Bg4 Rad8
23.Bxe6 fxe6 24.Rxd8 Rxd8 25.Qg4 Qc4 26.Rd1 Rd4 27.Qf3 h6 28.g3 Be7 29.Rd3 Qc6
30.Kg2 Kh7 31.h4 b5 32.h5 Kg8 33.Qe2 Bg5 34.Rxd4 exd4 35.Nd1 Kh8 36.Qd3 e5
37.g4 Qc8 38.Kh3 Qf8 39.Kg2 Qc8 40.Kh3 Qf8 41.Kg2 Bc1 42.Qf3 Qxf3+ 43.Kxf3 g6
44.Ke2 Kg7 45.Kd3 Kf6 46.c3 gxh5 47.gxh5 dxc3 48.Kxc3 Kg5 49.Kb4 Kxh5 50.Ka5 Kg4
51.Kxa6 Kf3 52.Kxb5 h5 53.a4 h4 54.a5 h3 55.a6 h2  0-1

[Event "40th TCh-GRE 2012"]
[Site "Achaea GRE"]
[Date "2012.07.03"]
[Round "5.3"]
[White "Markantonaki,H"]
[Black "Zawadzka,J"]
[Result "0-1"]
[WhiteElo "2159"]
[BlackElo "2361"]

1.e4 c5 2.Nf3 e6 3.d4 cxd4 4.Nxd4 Nc6 5.Nc3 Qc7 6.Be3 a6 7.Qd2 Nf6 8.O-O-O Be7
9.f3 h5 10.Nb3 b5 11.Bf4 Ne5 12.Kb1 Bb7 13.Qe1 Rc8 14.Nd4 d6 15.Bg3 Nfd7
16.Bd3 Nc4 17.f4 h4 18.Bf2 Ndb6 19.f5 e5 20.Nf3 Nxb2 21.Bxb6 Nxd3 22.Rxd3 Qxb6
23.Nd5 Bxd5 24.Rxd5 Rc4 25.Nd2 Rc3 26.Nb3 Qe3 27.Kb2 Qxe1 28.Rxe1 Rc7 29.Re3 Kd7
30.Rc3 Rhc8 31.Rxc7+ Rxc7 32.Rd2 Rc4 33.c3 g6 34.fxg6 fxg6 35.Re2 Bg5 36.g3 hxg3
37.hxg3 Ke6 38.Na5 Rc7 39.Rf2 Rh7 40.Nc6 Be3 41.Rf3 Rh2+ 42.Kb1 Bc5 43.c4 bxc4
44.Rc3 d5 45.Nd8+ Kd7 46.Nf7 Bd4 47.Ra3 c3 48.Rb3 dxe4 49.Rb7+ Kc6 50.Nd8+ Kd5
51.Rd7+ Kc4  0-1

[Event "Mulhouse WIM 2012"]
[Site "Mulhouse FRA"]
[Date "2012.07.03"]
[Round "3.5"]
[White "Haussernot,C"]
[Black "Genova,Ly"]
[Result "0-1"]
[WhiteElo "2099"]
[BlackElo "2245"]

1.e4 c5 2.Nc3 e6 3.Nf3 Nc6 4.d4 cxd4 5.Nxd4 Qc7 6.Nxc6 bxc6 7.Bd3 Bd6 8.Qg4 g6
9.Be3 Nf6 10.Qh4 Nh5 11.O-O e5 12.Rae1 Be7 13.Bg5 Qd8 14.f4 Nxf4 15.Bxe7 Qxe7
16.Qh6 Qf8 17.Qg5 Qg7 18.Rxf4 exf4 19.e5 O-O 20.Ne4 d5 21.Nf6+ Kh8 22.Qxf4 Rb8
23.b4 Rd8 24.Re3 a5 25.bxa5 Rb1+ 26.Kf2 c5 27.Rg3 Rb4 28.Qg5 h6 29.Qd2 Rh4
30.a6 c4 31.a7 Be6 32.Be4 Qf8 33.Bxd5 Bxd5 34.Nxd5 Qc5+ 35.Kf3 Qxa7 36.Rg4 Rh5
37.Rd4 Kg7 38.Qc3 Rf5+ 39.Ke4 Re8 40.Qxc4 Rexe5+ 41.Kd3 Qa3+ 42.Qc3 Qxc3+
43.Nxc3 Rf2 44.Rg4 f5 45.Ra4 Rxg2 46.Ra7+ Kf6 47.h3 Rh2 48.Kd4 Rd2+ 49.Kc4 Rxc2
50.Kd3 Rxc3+ 51.Kxc3 Re3+ 52.Kd4 Rxh3 53.a4 Kg5 54.a5 Kg4 55.a6 h5 56.Ra8 h4
57.a7 Ra3 58.Ke5 h3 59.Kd5 h2 60.Rh8 Rxa7 61.Rxh2 Re7 62.Kd4 f4  0-1

[Event "II Holuj-Radzikowski Mem"]
[Site "Warsaw POL"]
[Date "2012.07.03"]
[Round "2.1"]
[White "Wisniowska,K"]
[Black "Haast,A"]
[Result "1-0"]
[WhiteElo "2165"]
[BlackElo "2255"]

1.e4 c5 2.Nf3 e6 3.d4 cxd4 4.Nxd4 Nc6 5.Nc3 Qc7 6.Be3 a6 7.Qd2 Nf6 8.O-O-O Be7
9.f3 h5 10.Qf2 Rb8 11.Kb1 b5 12.Qg3 d6 13.Nce2 h4 14.Qe1 e5 15.Nxc6 Qxc6
16.Qc3 Qb7 17.g4 Be6 18.g5 Nd7 19.Qd2 b4 20.Nc1 a5 21.f4 Bg4 22.Re1 Rc8 23.Rg1 Bf3
24.Bg2 Bxg2 25.Qxg2 exf4 26.Bxf4 Ne5 27.Bxe5 dxe5 28.g6 O-O 29.Nd3 Bf6 30.Ref1 Qc6
31.gxf7+ Rxf7 32.Rf5 h3 33.Qe2 a4 34.Rgf1 Qc4 35.b3 Qa6 36.R5f2 Qb5 37.Rxf6 Rxf6
38.Rxf6 axb3 39.axb3 Ra8 40.Rf1 Qa5 41.Kc1 Qa1+ 42.Kd2 Qc3+ 43.Ke3 Qd4+ 44.Kf3 Ra6
45.Kg3 Rh6 46.Nf2 Qd8 47.Qg4 Kh7 48.Qf5+ Kh8 49.Nxh3 Qh4+ 50.Kg2 Rh5 51.Qf3 Rh6
52.Qf8+ Kh7 53.Qf5+  1-0